Law And Practice Of Good And Services Tax/ (Record no. 206590)

MARC details
000 -LEADER
fixed length control field 00602nam a2200193 4500
005 - DATE AND TIME OF LATEST TRANSACTION
control field 20250101110423.0
010 ## - LCCN (DPL NO)
LC control number ENG-142277
020 ## - INTERNATIONAL STANDARD BOOK NUMBER
Terms of availability 1450.00
International Standard Book Number 9788193375921
035 ## - SYSTEM CONTROL NUMBER
System control number EN-125809
037 ## - SOURCE OF ACQUISITION
Source of stock number/acquisition DBAD
082 ## - DEWEY DECIMAL CLASSIFICATION NUMBER
Classification number 348.710 552
100 ## - MAIN ENTRY--PERSONAL NAME
Personal name Pandey, Anurag
245 ## - TITLE STATEMENT
Title Law And Practice Of Good And Services Tax/
Statement of responsibility, etc By Anurag Pandey
250 ## - EDITION STATEMENT
Edition statement First
260 ## - PUBLICATION, DISTRIBUTION, ETC. (IMPRINT)
Place of publication, distribution, etc New Delhi
Name of publisher, distributor, etc Sumedha Publishing House
Date of publication, distribution, etc 2017
270 ## - ADDRESS
Address UG-1,Ansal Chamber-1, 3 Bhikaji Cama Place
City New Delhi
Postal code 110066
300 ## - PHYSICAL DESCRIPTION
Extent 1459p.
Dimensions 24cm(pb)
942 ## - ADDED ENTRY ELEMENTS (KOHA)
Source of classification or shelving scheme Dewey Decimal Classification
Item type English Books
Classification part 348.710552
Call number suffix PAN
Edition 2017
Holdings
Withdrawn status Lost status Not for loan Collection code Home library Current library Date acquired Source of acquisition Cost, normal purchase price Full call number Barcode Copy number Cost, replacement price Koha item type
      Non-fiction Sarojini Nagar Sarojini Nagar 23/10/2024 DBAD 1450.00 348.710552 PAN EN-125809 1 1450.00 English Books

© Delhi Public Library
Hit Counter
free hit counter